| LEADER 00000nam 2200000uu 4500 |
| 001 210936 |
| 003 ULIBM |
| 008 020711s2557 th a 000 0 tha d |
| 041 ^atha
|
| 060 4 วพ WY20 ศ174ย 2557
|
| 100 ศรินทิพย์ ตันติสุนทรสกุล
|
| 245 รายงานวิทยานิพนธ์เรื่อง ยุทธศาสตร์สำหรับวิทยาลัยพยาบาลในสังกัดสถาบันพระบรมราชชนก เพื่อรับรองประชาคมอาเซียน/^cศรินทิพย์ ตันติสุนทรสกุล
|
| 260 กรุงเทพฯ :^bมหาวิทยาลัยรามคำแหง,^c2557
|
| 300 373 หน้า :^bภาพประกอบ ;^c30 ซม.
|
| 650 4 การพยาบาล
|
| 650 4 ^aพยาบาล^xการบริหาร
|
| 650 4 ^aกลุ่มประเทศอาเซียน^xการพยาบาล^zไทย
|
| 710 2 ^aมหาวิทยาลัยรามคำแหง
|
| 999 ^aใช้งานได้ทุกระบบ
|